[Event "Pan American-ch Seniors 50"]
[Site "Lima"]
[Date "2023.04.28"]
[Round "4"]
[White "Daneri, Martin"]
[Black "Santanna, Paulo"]
[Result "1-0"]
[WhiteElo "2078"]
[BlackElo "1970"]
[PlyCount "63"]
[EventDate "2023.04.26"]
[EventType "swiss"]
[EventRounds "9"]
[EventCountry "PER"]
[SourceTitle "CBM 214 Extra"]
[Source "ChessBase"]
[SourceDate "2023.07.31"]
[SourceVersion "1"]
[SourceVersionDate "2023.07.31"]
[SourceQuality "1"]

1. d4 Nf6 2. Bf4 d5 3. e3 c5 4. c3 Nc6 5. Nd2 e6 6. Bd3 Bd6 7. Bxd6 Qxd6 8. f4 b6 9. Ngf3 0-0 10. Ne5 Bb7 11. 0-0 Ne7 12. Qf3 a5 13. g4 g6 14. f5 exf5 15. gxf5 Ne4 16. Bxe4 dxe4 17. Qg3 cxd4 18. Ndc4 Qc7 19. f6 Nd5 20. cxd4 Rac8 21. b3 Ba6 22. Qg5 Qd8 23. Ng4 Kh8 24. Rf5 Bxc4 25. bxc4 Nxe3 26. Nxe3 Qxd4 27. Rd1 Qc3 28. Rfd5 a4 29. R5d4 Rce8 30. Nd5 Qh3 31. Ne7 h6 32. Qf4 1-0

[Event "Titled Tuesday intern op 28th Feb Early"]
[Site "Chess.com INT"]
[Date "2023.02.28"]
[Round "5"]
[White "Pourkashiyan, Atousa"]
[Black "Santanna, Paulo"]
[Result "0-1"]
[WhiteElo "2313"]
[BlackElo "1960"]
[PlyCount "112"]
[EventDate "2023.02.28"]
[EventType "swiss (blitz)"]
[EventRounds "11"]
[EventCountry "USA"]
[SourceTitle "CBM 213 Extra"]
[Source "ChessBase"]
[SourceDate "2023.05.31"]
[SourceVersion "1"]
[SourceVersionDate "2023.05.31"]
[SourceQuality "1"]

1. Nf3 c5 2. g3 g6 3. Bg2 Nc6 4. 0-0 Bg7 5. c3 e5 6. e4 d6 7. d3 Nge7 8. a4 0-0 9. Na3 h6 10. Nc4 f5 11. Re1 Be6 12. b3 g5 13. Bb2 f4 14. d4 g4 15. Nh4 exd4 16. cxd4 Nxd4 17. Rb1 f3 18. Bf1 Nec6 19. Ne3 Bf6 20. Nhf5 Bxf5 21. Nxf5 Nxf5 22. Bxf6 Qxf6 23. Qd5+ Kg7 24. exf5 Nd4 25. Bc4 Rae8 26. Rbd1 Re5 27. Qxb7+ Rf7 28. Qxf7+ Qxf7 29. Bxf7 Kxf7 30. Rxe5 dxe5 31. Rd3 e4 32. Rc3 Ne2+ 33. Kf1 Nxc3 34. Ke1 Nd5 35. Kd2 Kf6 36. h4 Kxf5 37. Kc2 Ke5 38. Kd2 Kd4 39. a5 Nb4 40. Kd1 Kc3 41. a6 Kxb3 42. Kd2 Kc4 43. Ke3 Kb3 44. Kf4 c4 45. Kxe4 c3 46. Kf4 c2 47. Kxg4 c1Q 48. Kxf3 Qc6+ 49. Kf4 Qxa6 50. g4 Qf6+ 51. Kg3 Nd5 52. f4 Qxf4+ 53. Kh3 Qf3+ 54. Kh2 Qxg4 55. h5 Ne3 56. Kh1 Qg2# 0-1

[Event "Titled Tuesday intern op 14th Feb Early"]
[Site "Chess.com INT"]
[Date "2023.02.14"]
[Round "3"]
[White "Santanna, Paulo"]
[Black "Kalajzic, Ivan"]
[Result "0-1"]
[WhiteElo "1960"]
[BlackElo "2062"]
[PlyCount "96"]
[EventDate "2023.02.14"]
[EventType "swiss (blitz)"]
[EventRounds "11"]
[EventCountry "USA"]
[SourceTitle "CBM 212 Extra"]
[Source "ChessBase"]
[SourceDate "2023.03.31"]
[SourceVersion "1"]
[SourceVersionDate "2023.03.31"]
[SourceQuality "1"]

1. Nf3 Nc6 2. d4 d6 3. e4 Bg4 4. c3 Nf6 5. Bd3 e5 6. d5 Ne7 7. h3 Bd7 8. g4 g6 9. Be3 Bg7 10. Qd2 0-0 11. c4 Ne8 12. Nc3 f5 13. gxf5 gxf5 14. Bh6 f4 15. Bxg7 Nxg7 16. 0-0-0 Ng6 17. Rdg1 Kh8 18. h4 Qf6 19. h5 Ne7 20. Ne2 c5 21. dxc6 Nxc6 22. Bc2 Be6 23. b3 Rad8 24. Nc3 a6 25. Ng5 Nd4 26. Nd5 Bxd5 27. exd5 Ngf5 28. Ne4 Qh6 29. Kb1 b6 30. Qd1 Nxc2 31. Kxc2 Nd4+ 32. Kb2 b5 33. Rg6 hxg6 34. hxg6 Kg7 35. Rxh6 Kxh6 36. Qg4 Kg7 37. Qh5 Rh8 38. Qg5 Rdf8 39. Qe7+ Kxg6 40. Qxd6+ Kf5 41. Qd7+ Kxe4 42. d6 Rh2 43. Qb7+ Kd3 44. d7 b4 45. Qxb4 Rxf2+ 46. Kc1 Ne2+ 47. Kd1 Nc3+ 48. Kc1 Rc2# 0-1

[Event "Titled Tuesday intern op 14th Feb Early"]
[Site "Chess.com INT"]
[Date "2023.02.14"]
[Round "4"]
[White "Santanna, Paulo"]
[Black "Vifleemskaia, Svetlana"]
[Result "0-1"]
[WhiteElo "1960"]
[BlackElo "1947"]
[PlyCount "46"]
[EventDate "2023.02.14"]
[EventType "swiss (blitz)"]
[EventRounds "11"]
[EventCountry "USA"]
[SourceTitle "CBM 212 Extra"]
[Source "ChessBase"]
[SourceDate "2023.03.31"]
[SourceVersion "1"]
[SourceVersionDate "2023.03.31"]
[SourceQuality "1"]

1. Nf3 Nf6 2. c4 e6 3. b3 d5 4. Bb2 dxc4 5. bxc4 c5 6. g3 Nc6 7. Bg2 Be7 8. 0-0 0-0 9. e3 Qd3 10. Qb3 Rd8 11. Nc3 Na5 12. Qa4 Nxc4 13. Rfd1 Nxb2 14. Bf1 Nxa4 15. Bxd3 Rxd3 16. Nxa4 b6 17. Ne5 Rd8 18. Nc6 Re8 19. Nxe7+ Rxe7 20. d4 cxd4 21. Rxd4 Bb7 22. Rad1 Bc6 23. Nc3 Rd7 0-1

[Event "Titled Tuesday intern op 07th Feb Early"]
[Site "Chess.com INT"]
[Date "2023.02.07"]
[Round "8"]
[White "Bozorov, Makhsum"]
[Black "Santanna, Paulo"]
[Result "1-0"]
[WhiteElo "2145"]
[BlackElo "1960"]
[PlyCount "89"]
[EventDate "2023.02.07"]
[EventType "swiss (blitz)"]
[EventRounds "11"]
[EventCountry "USA"]
[SourceTitle "EXT 2024"]
[Source "ChessBase"]
[SourceDate "2023.10.10"]
[SourceVersion "1"]
[SourceVersionDate "2023.10.10"]
[SourceQuality "1"]

1. d4 Nf6 2. Nf3 d5 3. g3 e6 4. Bg2 c5 5. 0-0 cxd4 6. Nxd4 Nc6 7. c4 e5 8. Nxc6 bxc6 9. cxd5 cxd5 10. Nc3 Be6 11. Qa4+ Qd7 12. Qxd7+ Kxd7 13. Rd1 Kd6 14. Nxd5 Nxd5 15. Bxd5 Bxd5 16. e4 Be7 17. Rxd5+ Ke6 18. Be3 Rhc8 19. Ra5 Rc7 20. Rd1 f6 21. Ra6+ Kf7 22. Rd5 Rc4 23. f3 Rc2 24. Rd2 Rxd2 25. Bxd2 Bc5+ 26. Kf1 Rd8 27. Ke2 Bb6 28. a4 Bd4 29. b4 Rc8 30. Kd3 Bg1 31. Be3 Rd8+ 32. Ke2 Bxh2 33. Rxa7+ Ke6 34. Bf2 Rc8 35. b5 Rc2+ 36. Kf1 Rc1+ 37. Kg2 Rc2 38. b6 Rb2 39. b7 f5 40. exf5+ Kxf5 41. a5 h5 42. a6 g5 43. Ra8 h4 44. g4+ Kf4 45. b8Q 1-0

[Event "Titled Tuesday intern op 07th Feb Early"]
[Site "Chess.com INT"]
[Date "2023.02.07"]
[Round "3"]
[White "Dinu, Dumitru Daniel"]
[Black "Santanna, Paulo"]
[Result "1/2-1/2"]
[WhiteElo "2203"]
[BlackElo "1960"]
[PlyCount "78"]
[EventDate "2023.02.07"]
[EventType "swiss (blitz)"]
[EventRounds "11"]
[EventCountry "USA"]
[SourceTitle "EXT 2024"]
[Source "ChessBase"]
[SourceDate "2023.10.10"]
[SourceVersion "1"]
[SourceVersionDate "2023.10.10"]
[SourceQuality "1"]

1. e4 c5 2. b3 g6 3. Bb2 Nf6 4. Nc3 d6 5. Bb5+ Bd7 6. Nge2 Bg7 7. Bxd7+ Qxd7 8. 0-0 Nc6 9. Nd5 e5 10. Nxf6+ Bxf6 11. Nc3 Ne7 12. a3 a5 13. Qe2 0-0 14. Qc4 Bg7 15. Nd5 Nxd5 16. Qxd5 Qc6 17. Qxc6 bxc6 18. f4 exf4 19. Bxg7 Kxg7 20. Rxf4 a4 21. e5 axb3 22. cxb3 d5 23. a4 Rfe8 24. Raf1 Ra7 25. Rf6 Rxe5 26. Rxc6 Re2 27. Rxc5 Rxd2 28. h3 Rb2 29. Rb5 Rc7 30. Rf2 Rc1+ 31. Rf1 Rcc2 32. Rd1 Rxg2+ 33. Kh1 Rh2+ 34. Kg1 Rbg2+ 35. Kf1 Rf2+ 36. Kg1 Rhg2+ 37. Kh1 Rh2+ 38. Kg1 Rhg2+ 39. Kh1 Rh2+ 1/2-1/2

[Event "Titled Tuesday intern op 31st Jan Early"]
[Site "Chess.com INT"]
[Date "2023.01.31"]
[Round "3"]
[White "Buscar, Michael"]
[Black "Santanna, Paulo"]
[Result "1-0"]
[WhiteElo "2041"]
[BlackElo "1960"]
[PlyCount "57"]
[EventDate "2023.01.31"]
[EventType "swiss (blitz)"]
[EventRounds "11"]
[EventCountry "USA"]
[SourceTitle "CBM 212 Extra"]
[Source "ChessBase"]
[SourceDate "2023.03.31"]
[SourceVersion "1"]
[SourceVersionDate "2023.03.31"]
[SourceQuality "1"]

1. Nf3 c5 2. b3 d6 3. Bb2 e5 4. e3 g6 5. c4 Bg7 6. d3 f5 7. Be2 Nc6 8. 0-0 Nge7 9. Nc3 0-0 10. Nd5 Nxd5 11. cxd5 Ne7 12. e4 f4 13. a3 a5 14. b4 b6 15. bxc5 bxc5 16. Bc3 h6 17. Nd2 g5 18. Nc4 Ng6 19. Bg4 Bxg4 20. Qxg4 Rf6 21. f3 Nf8 22. Rab1 h5 23. Qxg5 Qe8 24. Rb7 Rg6 25. Qe7 Qc8 26. Kh1 Rb8 27. Rfb1 Rxb7 28. Rxb7 h4 29. Nxd6 1-0

[Event "Titled Tuesday intern op 31st Jan Early"]
[Site "Chess.com INT"]
[Date "2023.01.31"]
[Round "7"]
[White "De Souza, Cristiano Gomes"]
[Black "Santanna, Paulo"]
[Result "0-1"]
[WhiteElo "2018"]
[BlackElo "1960"]
[PlyCount "110"]
[EventDate "2023.01.31"]
[EventType "swiss (blitz)"]
[EventRounds "11"]
[EventCountry "USA"]
[SourceTitle "CBM 212 Extra"]
[Source "ChessBase"]
[SourceDate "2023.03.31"]
[SourceVersion "1"]
[SourceVersionDate "2023.03.31"]
[SourceQuality "1"]

1. d4 Nf6 2. c4 e6 3. Nf3 c5 4. d5 b5 5. dxe6 fxe6 6. cxb5 d5 7. g3 a6 8. bxa6 Be7 9. Bh3 0-0 10. 0-0 Qe8 11. Nc3 Qh5 12. Kg2 Nc6 13. e4 dxe4 14. Ng5 Qxd1 15. Rxd1 Nd4 16. Be3 e5 17. Bxc8 Rfxc8 18. Ngxe4 Rxa6 19. Nxf6+ gxf6 20. Nd5 Kf7 21. Rdc1 Bd6 22. Bxd4 exd4 23. Kf3 Rca8 24. a3 Rb8 25. Rab1 Ke6 26. Nf4+ Bxf4 27. Kxf4 Kd5 28. Kf5 c4 29. f4 d3 30. g4 Kd4 31. g5 Rb5+ 32. Kg4 fxg5 33. fxg5 Rg6 34. h4 h6 35. Kh5 Rgb6 36. Rg1 hxg5 37. hxg5 Rxb2 38. Rg4+ Kc3 39. Rc1+ Rc2 40. Rh1 d2 41. Rg3+ Kb2 42. g6 Rc1 43. Rgg1 Rb5+ 44. Kh6 Rb6 45. Kh7 Rxg1 46. Rxg1 c3 47. g7 Rb7 48. Kg6 Rxg7+ 49. Kxg7 c2 50. a4 d1Q 51. Rg6 c1Q 52. Rb6+ Ka3 53. a5 Qd7+ 54. Kf6 Qc3+ 55. Kg5 Qxa5+ 0-1

[Event "Titled Tuesday intern op 31st Jan Early"]
[Site "Chess.com INT"]
[Date "2023.01.31"]
[Round "4"]
[White "Santanna, Paulo"]
[Black "Lopez Idarraga, Daniel Eduardo"]
[Result "1/2-1/2"]
[WhiteElo "1960"]
[BlackElo "2023"]
[PlyCount "228"]
[EventDate "2023.01.31"]
[EventType "swiss (blitz)"]
[EventRounds "11"]
[EventCountry "USA"]
[SourceTitle "CBM 212 Extra"]
[Source "ChessBase"]
[SourceDate "2023.03.31"]
[SourceVersion "1"]
[SourceVersionDate "2023.03.31"]
[SourceQuality "1"]

1. Nf3 Nf6 2. c4 e6 3. b3 d5 4. Bb2 a5 5. e3 a4 6. bxa4 Bd7 7. Nc3 Bb4 8. cxd5 exd5 9. Qb3 Qe7 10. Nb5 Bxb5 11. Bxb5+ c6 12. Bxf6 Qxf6 13. 0-0 Bd6 14. Be2 Qe7 15. Rab1 Ra7 16. Qb6 Rxa4 17. Qxb7 Qxb7 18. Rxb7 Rxa2 19. Rfb1 Nd7 20. Nd4 Rxd2 21. Bf3 c5 22. Nf5 Be5 23. g3 g6 24. Nh4 Ke7 25. Bg4 f5 26. Nxf5+ gxf5 27. Bxf5 Rd8 28. f4 Bd6 29. R1b6 c4 30. Rc6 Re2 31. e4 dxe4 32. Rxc4 e3 33. Re4+ Kf6 34. Bxd7 Re1+ 35. Kg2 e2 36. Kf2 Rh1 37. Rxe2 Rxh2+ 38. Kf3 Rxe2 39. Kxe2 Rf8 40. Kf3 Rf7 41. g4 Kg7 42. g5 Rxf4+ 43. Ke3 Rf7 44. Ke4 Bf4 45. Bc6 Bxg5 46. Rxf7+ Kxf7 47. Kf5 h6 48. Kg4 Kg6 49. Be8+ Kg7 50. Kh5 Bc1 51. Kg4 Bb2 52. Kh3 Ba1 53. Kg2 Kf6 54. Kh1 Kg5 55. Kg2 h5 56. Kh1 h4 57. Kg2 Kg4 58. Kh1 Kg3 59. Bd7 Bd4 60. Bh3 Bf6 61. Kg1 Kxh3 62. Kh1 Bg7 63. Kg1 Kg3 64. Kh1 h3 65. Kg1 Kg4 66. Kh1 Kh4 67. Kh2 Be5+ 68. Kh1 Bd4 69. Kh2 Kg4 70. Kh1 Bc5 71. Kh2 Be7 72. Kh1 Bh4 73. Kh2 Bg3+ 74. Kh1 Kf3 75. Kg1 Kf4 76. Kh1 Kf5 77. Kg1 Kg6 78. Kh1 Kf7 79. Kg1 Ke7 80. Kh1 Kd7 81. Kg1 Kc7 82. Kh1 Kb7 83. Kg1 Ka6 84. Kh1 Kb5 85. Kg1 Ka5 86. Kh1 Ka4 87. Kg1 Kb4 88. Kh1 Ka3 89. Kg1 Kb3 90. Kh1 Ka2 91. Kg1 Kb2 92. Kh1 Ka1 93. Kg1 Kb1 94. Kh1 Kc1 95. Kg1 Kc2 96. Kh1 Kc3 97. Kg1 Kc4 98. Kh1 Kc5 99. Kg1 Kc6 100. Kh1 Kc7 101. Kg1 Kc8 102. Kh1 Kd8 103. Kg1 Kd7 104. Kh1 Kd6 105. Kg1 Kd5 106. Kh1 Kd4 107. Kg1 Kd3 108. Kh1 Kd2 109. Kg1 Kd1 110. Kh1 Ke1 111. Kg1 Ke2 112. Kh1 Ke3 113. Kg1 Ke4 114. Kh1 Ke5 1/2-1/2

[Event "Wch Seniors 50 30th"]
[Site "Assisi"]
[Date "2022.11.20"]
[Round "6"]
[White "Santanna, Paulo"]
[Black "Farrand, Tom"]
[Result "0-1"]
[WhiteElo "1888"]
[BlackElo "2137"]
[PlyCount "68"]
[EventDate "2022.11.15"]
[EventType "swiss"]
[EventRounds "11"]
[EventCountry "ITA"]
[SourceTitle "CBM 211 Extra"]
[Source "ChessBase"]
[SourceDate "2023.01.31"]
[SourceVersion "1"]
[SourceVersionDate "2023.01.31"]
[SourceQuality "1"]

1. Nf3 e6 2. d4 f5 3. Bf4 Nf6 4. e3 b6 5. Nbd2 Bb7 6. Bd3 Be7 7. h3 0-0 8. c3 c5 9. g4 cxd4 10. exd4 Nd5 11. Bg3 Bg5 12. Nxg5 Qxg5 13. Nf3 Qe7 14. gxf5 Nc6 15. Rg1 exf5+ 16. Kd2 Nf6 17. Qb3+ Kh8 18. Rae1 Ne4+ 19. Bxe4 fxe4 20. Ne5 Na5 21. Qd1 Qg5+ 22. Kc2 d6 23. Ng4 Qb5 24. Kb1 Nc4 25. Qc1 Rac8 26. Ne3 Rf3 27. Nxc4 Qxc4 28. Bxd6 Bd5 29. b3 Qd3+ 30. Ka1 Rxc3 31. Qg5 Qxd4 32. Qxg7+ Qxg7 33. Rxg7 Kxg7 34. Be5+ Kf7 0-1

[Event "BRA-ch Seniors 50"]
[Site "Joao Pessoa"]
[Date "2022.08.20"]
[Round "4"]
[White "Moura, Paulo Jorge Alves"]
[Black "Santanna, Paulo"]
[Result "0-1"]
[WhiteElo "1817"]
[BlackElo "1878"]
[PlyCount "100"]
[EventDate "2022.08.19"]
[EventType "k.o."]
[EventRounds "5"]
[EventCountry "BRA"]
[SourceTitle "CBM 210 Extra"]
[Source "ChessBase"]
[SourceDate "2022.11.30"]
[SourceVersion "1"]
[SourceVersionDate "2022.11.30"]
[SourceQuality "1"]

1. d4 Nf6 2. Nf3 d5 3. c4 e6 4. Bg5 Bb4+ 5. Nc3 h6 6. Bh4 dxc4 7. e3 b5 8. a3 Bxc3+ 9. bxc3 Nbd7 10. Qb1 Bb7 11. Qxb5 Bd5 12. Ne5 g5 13. Bg3 Ne4 14. Rc1 Nd6 15. Qa4 Ke7 16. Nc6+ Bxc6 17. Qxc6 Nb6 18. Be2 Qd7 19. Qc5 a5 20. h4 Na4 21. Bxd6+ cxd6 22. Qxc4 d5 23. Qb5 Qxb5 24. Bxb5 Nb6 25. hxg5 hxg5 26. Rxh8 Rxh8 27. Ke2 f5 28. Rb1 Rc8 29. Ba6 Na4 30. Bxc8 Nxc3+ 31. Kd3 Nxb1 32. a4 Na3 33. Ba6 g4 34. Kc3 Kd6 35. Bd3 e5 36. Kb3 e4 37. Ba6 Nb1 38. Bc8 g3 39. fxg3 Nd2+ 40. Kc3 Nf1 41. Bxf5 Nxg3 42. Bg4 Nf1 43. Bh3 Nxe3 44. Kd2 Nc4+ 45. Kc3 Ke7 46. g4 Kf6 47. Bf1 Nd6 48. Kb3 Kg5 49. Be2 Kf4 50. Bd1 Nc4 0-1

[Event "Pan American-ch Seniors 50"]
[Site "Florianopolis"]
[Date "2022.06.25"]
[Round "7"]
[White "Madeira, Wagner Martins"]
[Black "Santanna, Paulo"]
[Result "1-0"]
[WhiteElo "2084"]
[BlackElo "1893"]
[PlyCount "115"]
[EventDate "2022.06.21"]
[EventType "swiss"]
[EventRounds "9"]
[EventCountry "BRA"]
[SourceTitle "CBM 209 Extra"]
[Source "ChessBase"]
[SourceDate "2022.09.30"]
[SourceVersion "1"]
[SourceVersionDate "2022.09.30"]
[SourceQuality "1"]

1. e4 c5 2. c3 g6 3. d4 cxd4 4. cxd4 d5 5. exd5 Nf6 6. Bb5+ Nbd7 7. d6 Qa5+ 8. Nc3 Ne4 9. dxe7 Bxe7 10. Nge2 0-0 11. 0-0 Nd6 12. Qa4 Qd8 13. Bd3 Nb6 14. Qc2 Bf5 15. Bf4 Bxd3 16. Qxd3 Nf5 17. Rfd1 Rc8 18. b3 Re8 19. Be5 a6 20. h3 f6 21. Bf4 Bb4 22. Rac1 Bxc3 23. Nxc3 Nxd4 24. Qxd4 Re1+ 25. Kh2 Qxd4 26. Rxd4 Rxc1 27. Bxc1 Rxc3 28. Be3 Rc6 29. Rd8+ Kf7 30. Rb8 Nd5 31. Rxb7+ Ke6 32. Rxh7 Nxe3 33. fxe3 Rc2 34. a4 Rc3 35. b4 Rc4 36. Ra7 Rxb4 37. Rxa6+ Kf5 38. Kg3 g5 39. Kf3 Rb3 40. Ra8 Kg6 41. a5 f5 42. g3 Ra3 43. a6 Kg7 44. h4 gxh4 45. gxh4 Ra4 46. a7 Kh7 47. h5 Kg7 48. h6+ Kh7 49. Ke2 Ra3 50. Kd2 Ra4 51. Kd3 Ra6 52. Kc4 Ra5 53. Kd4 Ra6 54. Ke5 Ra5+ 55. Kf6 f4 56. exf4 Ra6+ 57. Ke7 Ra5 58. f5 1-0

[Event "Joao Pessoa Fischer Memorial 11th"]
[Site "Joao Pessoa"]
[Date "2022.05.06"]
[Round "2"]
[White "Santanna, Paulo"]
[Black "Leite, Joao Carlos Zirpoli"]
[Result "1-0"]
[WhiteElo "1907"]
[BlackElo "1660"]
[PlyCount "29"]
[EventDate "2022.05.06"]
[EventType "swiss"]
[EventRounds "6"]
[EventCountry "BRA"]
[SourceTitle "EXT 2023"]
[Source "ChessBase"]
[SourceDate "2022.10.05"]
[SourceVersion "1"]
[SourceVersionDate "2022.10.05"]
[SourceQuality "1"]

1. d4 Nf6 2. Nc3 g6 3. e4 d6 4. f4 c5 5. dxc5 Qa5 6. cxd6 exd6 7. Nf3 Bg7 8. e5 Ne4 9. Qd5 Qxd5 10. Nxd5 Kd8 11. Be3 dxe5 12. 0-0-0 Nd7 13. Nxe5 Bxe5 14. fxe5 Re8 15. Bd3 1-0

[Event "Iberoamerican-ch 8th"]
[Site "Mexico City"]
[Date "2022.02.17"]
[Round "7"]
[White "Diaz Rosas, Julio Cesar"]
[Black "Santanna, Paulo"]
[Result "1-0"]
[WhiteElo "2393"]
[BlackElo "1928"]
[PlyCount "77"]
[EventDate "2022.02.12"]
[EventType "swiss"]
[EventRounds "9"]
[EventCountry "MEX"]
[SourceTitle "CBM 206 Extra"]
[Source "ChessBase"]
[SourceDate "2022.03.31"]
[SourceVersion "1"]
[SourceVersionDate "2022.03.31"]
[SourceQuality "1"]

1. e4 c5 2. Nf3 e6 3. g3 Nc6 4. Bg2 Nf6 5. Qe2 d6 6. 0-0 Be7 7. c3 0-0 8. d4 cxd4 9. cxd4 d5 10. e5 Ne4 11. Nc3 Nxc3 12. bxc3 b6 13. h4 a5 14. Qc2 Ba6 15. Re1 h6 16. Be3 Re8 17. Nh2 Bf8 18. f4 Rc8 19. f5 exf5 20. Qxf5 Ne7 21. Qc2 Qd7 22. Rac1 Rc6 23. Qf2 Rec8 24. Bd2 f6 25. Nf3 Qf5 26. Kh2 g5 27. exf6 Rxf6 28. Re5 Qh7 29. hxg5 hxg5+ 30. Kg1 g4 31. Rg5+ Rg6 32. Ne5 Rxg5 33. Bxg5 Bh6 34. Bxh6 Qxh6 35. Bxd5+ Kg7 36. Qf7+ Kh8 37. Re1 Qh3 38. Qf6+ Kh7 39. Qxe7+ 1-0

[Event "Iberoamerican-ch 8th"]
[Site "Mexico City"]
[Date "2022.02.14"]
[Round "4"]
[White "Chinchilla Miranda, Eugenio"]
[Black "Santanna, Paulo"]
[Result "1-0"]
[WhiteElo "2193"]
[BlackElo "1928"]
[PlyCount "77"]
[EventDate "2022.02.12"]
[EventType "swiss"]
[EventRounds "9"]
[EventCountry "MEX"]
[SourceTitle "CBM 206 Extra"]
[Source "ChessBase"]
[SourceDate "2022.03.31"]
[SourceVersion "1"]
[SourceVersionDate "2022.03.31"]
[SourceQuality "1"]

1. d4 Nf6 2. c4 e6 3. Nc3 Bb4 4. Qc2 0-0 5. e4 d5 6. e5 Ne4 7. Bd3 c5 8. Nf3 cxd4 9. Nxd4 Nd7 10. Bf4 Ndc5 11. 0-0 Nxd3 12. Qxd3 Bxc3 13. bxc3 b6 14. cxd5 Qxd5 15. Rfd1 Bb7 16. c4 Qd8 17. Qe3 Qh4 18. Ne2 h6 19. Rd4 Nc5 20. Rad1 Rad8 21. f3 Rxd4 22. Qxd4 g5 23. Be3 Qxd4 24. Rxd4 Rc8 25. h4 f6 26. exf6 Kf7 27. hxg5 hxg5 28. Rg4 Kxf6 29. Bxg5+ Kf7 30. Rf4+ Kg6 31. Be7 e5 32. Rf6+ Kg7 33. Ng3 Ba6 34. Nf5+ Kg8 35. Nd6 Rc6 36. Rf8+ Kg7 37. g4 Bxc4 38. Nxc4 Nd7 39. Rd8 1-0

[Event "Iberoamerican-ch 8th"]
[Site "Mexico City"]
[Date "2022.02.12"]
[Round "1"]
[White "Santanna, Paulo"]
[Black "Almeida Quintana, Omar"]
[Result "0-1"]
[WhiteElo "1928"]
[BlackElo "2535"]
[PlyCount "74"]
[EventDate "2022.02.12"]
[EventType "swiss"]
[EventRounds "9"]
[EventCountry "MEX"]
[SourceTitle "CBM 206 Extra"]
[Source "ChessBase"]
[SourceDate "2022.03.31"]
[SourceVersion "1"]
[SourceVersionDate "2022.03.31"]
[SourceQuality "1"]

1. d4 Nf6 2. Nc3 d6 3. e4 c6 4. f4 Qa5 5. Bd3 e5 6. Nf3 exd4 7. Nxd4 g6 8. Nb3 Qc7 9. 0-0 Bg7 10. Qe1 Nbd7 11. Qh4 0-0 12. f5 b5 13. fxg6 hxg6 14. Bg5 Nh7 15. Bh6 Qb6+ 16. Kh1 Qd8 17. Qxd8 Rxd8 18. Bxg7 Kxg7 19. Na5 Ne5 20. Ne2 Rb8 21. Nd4 Bd7 22. Rad1 c5 23. Nf3 Nf6 24. Ng5 Nfg4 25. Rd2 Rh8 26. h3 Rh5 27. Nf3 Rb6 28. Be2 Nf6 29. Nxe5 Rxe5 30. Bf3 Be6 31. Rfd1 Ra6 32. Nb7 Rxa2 33. b3 Ne8 34. Nd8 Bd7 35. Nb7 Bc8 36. Nxd6 Nxd6 37. Rxd6 Rxc2 0-1

[Event "BRA-ch 87th"]
[Site "Cuiaba"]
[Date "2021.11.02"]
[Round "8"]
[White "Santanna, Paulo"]
[Black "Silva, Lucas Henrique Da"]
[Result "0-1"]
[WhiteElo "1894"]
[BlackElo "2158"]
[PlyCount "34"]
[EventDate "2021.10.28"]
[EventType "swiss"]
[EventRounds "11"]
[EventCountry "BRA"]
[SourceTitle "CBM 205 Extra"]
[Source "ChessBase"]
[SourceDate "2022.01.31"]
[SourceVersion "1"]
[SourceVersionDate "2022.01.31"]
[SourceQuality "1"]

1. d4 Nf6 2. Nc3 d5 3. Bf4 g6 4. Qd2 Bg7 5. f3 0-0 6. Bh6 c5 7. Bxg7 Kxg7 8. e3 Nc6 9. 0-0-0 cxd4 10. exd4 Qa5 11. g4 Rb8 12. g5 Nh5 13. Kb1 Bf5 14. Nge2 Nb4 15. Ng3 Bxc2+ 16. Kc1 Rbc8 17. Nxh5+ gxh5 0-1

[Event "BRA-ch 87th"]
[Site "Cuiaba"]
[Date "2021.10.31"]
[Round "5"]
[White "Urquiza, Marcello de Albuque"]
[Black "Santanna, Paulo"]
[Result "0-1"]
[WhiteElo "2093"]
[BlackElo "1894"]
[PlyCount "76"]
[EventDate "2021.10.28"]
[EventType "swiss"]
[EventRounds "11"]
[EventCountry "BRA"]
[SourceTitle "CBM 205 Extra"]
[Source "ChessBase"]
[SourceDate "2022.01.31"]
[SourceVersion "1"]
[SourceVersionDate "2022.01.31"]
[SourceQuality "1"]

1. e4 c5 2. Nf3 a6 3. d4 cxd4 4. Qxd4 Nc6 5. Qe3 g6 6. c4 Bg7 7. Be2 Nf6 8. h3 d6 9. Nc3 0-0 10. 0-0 Be6 11. Rb1 Rc8 12. b3 Qa5 13. Bb2 Nd7 14. Nd5 Qc5 15. Qd2 a5 16. Nf4 Bxb2 17. Rxb2 Nf6 18. Nxe6 fxe6 19. Ng5 Nd4 20. Bd1 e5 21. Kh1 Kg7 22. Qd3 b5 23. cxb5 Qc1 24. Rd2 Rc3 25. Rc2 Rxc2 26. Bxc2 Qxg5 27. f4 Qh4 28. Bd1 Nh5 29. Bxh5 Qxh5 30. b6 Qe2 31. Rd1 Qxd3 32. Rxd3 Rb8 33. fxe5 dxe5 34. Rc3 Rxb6 35. Rc5 Rb5 36. Rc7 Kf6 37. Kg1 Ke6 38. Rc4 Rb4 0-1